Bản sắc Việt Nam qua giao lưu văn học

Tính thời sự và tính lý luận của việc bảo tồn và phát huy bản sắc văn hoá dân tộc trong giao lưu văn học Việt Nam với thế giới. Quá trình giao lưu và hội nhập của văn hoá Việt Nam với thế giới. Văn học Việt Nam nhìn từ góc độ giao lưu và hội nhập với thế giới...

詳細記述

保存先:
書誌詳細
第一著者: Nguyễn Bá Thành
フォーマット: 図書
言語:Vietnamese
出版事項: H. Đại học Quốc gia Hà Nội 2006
主題:
タグ: タグ追加
タグなし, このレコードへの初めてのタグを付けませんか!
Thư viện lưu trữ: Mạng thư viện Đại học Đà Nẵng
LEADER 01620nam a2200373 4500
001 000006901
003 3061
005 20120516080530.0
008 110923s2006 viesd
020 |c 62000đ 
041 0 |a vie 
082 |a 895.92209  |b NG-T 
100 0 |a Nguyễn Bá Thành 
245 0 |a Bản sắc Việt Nam qua giao lưu văn học  |c Nguyễn Bá Thành 
260 |a H.  |b Đại học Quốc gia Hà Nội  |c 2006 
300 |a 668 tr.  |c 21cm. 
500 |a ĐTTS ghi: Trường đại học Khoa học Xã hội và Nhân văn. Đại học Quốc gia Hà Nội 
504 |a Thư mục: tr. 645 
520 |a Tính thời sự và tính lý luận của việc bảo tồn và phát huy bản sắc văn hoá dân tộc trong giao lưu văn học Việt Nam với thế giới. Quá trình giao lưu và hội nhập của văn hoá Việt Nam với thế giới. Văn học Việt Nam nhìn từ góc độ giao lưu và hội nhập với thế giới 
653 |a Giao lưu 
653 |a Bản sắc văn hoá 
653 |a Lí luận 
653 |a Nghiên cứu văn học 
910 |a Huỳnh Thị Cẩm Lai  |d 23/09/2011 
OWN |a LSP 
AVA |a UDN50  |b LSP  |d 895.92209 NG-T  |e check_holdings  |t Error 5003 Not defined in file expand_doc_bib_avail.  |h N  |k 1 
999 |a From the UDN01 
AVA |a UDN50  |b LSP  |d 895.92209 NG-T  |e available  |t Error 5001 Not defined in file expand_doc_bib_avail.  |f 25  |g 1  |h N  |i 9  |k 1 
TYP |a Monograph 
TYP |a Printed language 
980 |a Mạng thư viện Đại học Đà Nẵng